00523nam a2200181Ia 4500003000400000008004100004020001500045040001600060082001900076100002000095245004600115700001700161260005100178300002700229490002700256650002300283650003500306GCL140319s9999 xx 000 0 eng d a0394819640 aGCL / cGCL04a973.46092bB M1 aBARRETT, MARVIN10aMEET THOMAS JEFFERSON / cBARRETT, MARVIN1 aFOGARTY, PAT aنيويورك : bRANDOM HOUSE INC, ، c1989 a72 PbILL. ؛ c18 cm. aSTEP UP BIOGRAPHIESv004aPRESIDENTS - U.S.A04aJEFFERSON, THOMAS, 1743 - 1826